[Event "ESP-ch schev"]
[Site "Seville"]
[Date "2004.08.20"]
[Round "3"]
[White "Cifuentes Parada, Roberto"]
[Black "Lopez Martinez, Josep Manuel"]
[Result "1-0"]
[WhiteElo "2543"]
[BlackElo "2437"]
[Annotator "Cifuentes Parada,L"]
[PlyCount "121"]
[EventDate "2004.08.18"]
[EventType "schev"]
[EventRounds "4"]
[EventCountry "ESP"]
[SourceTitle "CBM 103"]
[Source "ChessBase"]
[SourceDate "2004.11.11"]
[SourceVersion "1"]
[SourceVersionDate "2004.11.11"]
[SourceQuality "1"]

1. d4 Nf6 2. Nf3 e6 3. c4 d5 4. e3 c5 5. Nc3 cxd4 6. exd4 Bb4 7. Bd3 O-O 8. O-O
dxc4 9. Bxc4 b6 10. Bg5 Bb7 11. Ne5 (11. Rc1) 11... Be7 (11... Nc6 $6 12. Bxf6
gxf6 (12... Qxf6 13. Nd7 Qh4 14. Nxf8 Rxf8 15. a3 Bd6 16. g3 $14) 13. Nxc6 Bxc6
14. d5 Bxc3 15. dxc6 Bxb2 16. Qg4+ Kh8 17. Rad1 Qe8 (17... Qc7 18. Bxe6 $1) 18.
Rd7 $16) (11... Bxc3 12. bxc3 Qc7 13. Bd3 Nbd7 14. Nxd7 Nxd7 15. Re1 $14) (
11... Nbd7) 12. Re1 $1 (12. Qe2 $5 Nd5 (12... Qxd4 $2 13. Nxf7 $1 Bd5 14. Nxd5
exd5 15. Bxf6 Qxc4 16. Nh6+ $1 gxh6 17. Qxe7 $18) (12... Nbd7 13. Rad1) 13.
Bxd5 exd5 (13... Bxd5 14. Bxe7 Qxe7 15. Nxd5 exd5 16. Rac1 f6 17. Qb5 Rd8 18.
Nd3 Qd7 19. Qxd7 Nxd7 20. Rc7 $16) 14. Bxe7 Qxe7 15. Rfe1 Nd7 16. Qb5 Nxe5 17.
Rxe5 $14) 12... Nc6 $6 (12... Nbd7 $142 $5 13. Qe2 (13. Nxf7 Rxf7 14. Bxe6 Nf8
15. Bxf7+ Kxf7 16. Qb3+ Kg6) 13... Nxe5 14. dxe5 Nd5 15. Bxd5 Bxd5 16. Bxe7
Qxe7 17. Nxd5 exd5 18. Rad1 Rfd8 19. Rd4 Rac8 20. Qd2 Qc5 21. Rd1 Rc7 22. h3
Rcd7 23. f4 $14) 13. Ba6 $1 Qc8 $8 (13... Bxa6 $2 14. Nxc6 Qd6 15. Nxe7+ Qxe7
16. Nd5 Qd8 17. Nxf6+ gxf6 18. Bh6 $2) 14. Qf3 $1 (14. Bxb7 Qxb7 15. Qf3 Rac8
16. Rac1 (16. Nb5 a6 17. Bxf6 gxf6 18. Nxc6 Rxc6 19. Nc3 $14) 16... Na5 (16...
Nd5 17. Nxc6 Bxg5 18. Nxd5 exd5 (18... Bxc1 19. Nde7+ Kh8 20. Nxc8 Bd2 21. Nd6
Qd7 22. Re2) 19. Qxd5 Rce8 20. Rcd1 $16) 17. Qxb7 Nxb7 18. Nb5 a6 19. Na7 Ra8
20. Nac6 Bd8 21. Bxf6 gxf6 22. Nd7 Re8 23. Nxd8 Rexd8 24. Rc7 Nd6 25. Nxf6+ Kg7
26. Nh5+ Kg6 27. Nf4+ Kf5 28. Re5+ Kxf4 29. g3+ Kg4 30. h3+ Kxh3 31. Rxf7 $3
Nf5 32. Re4 Nxg3 33. Rxh7+ {1-0 Al Modiahki,M-Sundar Rajan,K/Asian Teams 1998})
14... Na5 (14... Bxa6 15. Nxc6 Bd8 16. Nxd8 Qxd8 17. d5 $1 (17. Ne4 Bb7 18.
Nxf6+ gxf6 19. Qxf6 $14) 17... exd5 (17... h6) (17... Bb7 18. Bxf6) 18. Bxf6 (
18. Rad1) 18... Qxf6 19. Qxf6 gxf6 20. Nxd5 Rad8 $8 21. Nxf6+ Kg7 22. Ne4 Rfe8
23. h4 Bb7 24. Nc3 Rxe1+ 25. Rxe1 $16) 15. Bxb7 Qxb7 (15... Nxb7 $2 16. Nc6 $18
) 16. Qxb7 Nxb7 17. Nc6 Bd6 (17... Bd8 18. Rac1 Na5 19. Nxd8 Raxd8 20. Ne4 Rxd4
21. Nxf6+ gxf6 22. Bxf6 $16 {Petran,P -Petrosian,A/ Hungria 1991}) 18. Bxf6 $1
gxf6 19. d5 Rfe8 (19... exd5 20. Nxd5 Kg7 21. Rad1 Rfe8 22. Rxe8 Rxe8 23. Kf1
Rc8 24. Nxa7 Rc2 25. Ne3 Rc5 26. b4 Rh5 27. g4 Rxh2 28. Kg1 Bf4 29. Nf5+ Kg6
30. Rd7 h5 31. Nc6 hxg4 32. Nce7+ Kg5 33. Rxb7 Rh3 34. Rxb6 Ra3 35. Nd6 g3 36.
Ne4+ Kg4 37. Rxf6 Rxa2 38. Nd5 Bb8 39. Ne3+ Kh5 40. fxg3 {1-0 Lesiege,
A-Thorhallsson,T/Elista 1998}) (19... Nd8 20. Rac1 Nxc6 21. dxc6 Rfc8 22. Ne4
Be7 23. Red1 Rc7 24. Rd7 Rac8 25. Nc3 Rxd7 26. cxd7 Rd8 27. Rd1 $14) 20. Rad1
exd5 21. Nxd5 Rxe1+ 22. Rxe1 Kg7 23. g4 $1 $16 Rc8 24. Nd4 Rd8 25. Nf5+ Kg6 26.
Kg2 h5 27. h3 hxg4 (27... Be5 28. Nde7+ Kh7 29. Nc6) 28. hxg4 Bf8 (28... Bc5
29. Rd1) 29. Nf4+ Kg5 (29... Kh7 30. Rh1+ Kg8 31. Nh5 Kh7 32. Nxf6+ Kg6 33. Nh7
Nc5 34. Nxf8+ Rxf8 35. f4 f6 36. Rh6+ Kf7 37. Rh7+ $18) 30. Kf3 Rd2 31. Rh1 {
/\Rh5 mate} Rxf2+ $8 32. Kg3 $1 $18 Rxf4 33. Rh5+ Kg6 34. Kxf4 Nc5 35. Rh8 a5
36. b3 (36. Rxf8 $2 Ne6+) 36... Ne6+ 37. Ke4 Bc5 38. Rg8+ Kh7 39. Rb8 Kg6 40.
Ne3 Ng5+ 41. Kd3 Nf3 42. Nd5 Ne5+ 43. Ke2 Nxg4 44. Nxb6 f5 45. Nc4 Nf6 46. Nxa5
Ne4 47. b4 Ba7 48. Rg8+ Kf6 49. Nc4 f4 50. Ra8 Bg1 51. Kf3 Nc3 52. Ra6+ Ke7 53.
Ne5 Be3 54. Nd3 Kd7 55. a4 Kc7 56. b5 Kb7 57. Nxf4 Bb6 58. Nd3 f5 59. Ne5 Bd8
60. Nc4 Ne4 61. Nd6+ 1-0

[Event "ARM-ROW m"]
[Site "Moscow"]
[Date "2004.06.14"]
[Round "5"]
[White "Vaganian, Rafael A"]
[Black "Van Wely, Loek"]
[Result "1/2-1/2"]
[WhiteElo "2639"]
[BlackElo "2651"]
[Annotator "Cifuentes Parada,L"]
[PlyCount "87"]
[EventDate "2004.06.10"]
[EventType "team"]
[EventRounds "6"]
[EventCountry "RUS"]
[SourceTitle "CBM 102"]
[Source "ChessBase"]
[SourceDate "2004.09.23"]
[SourceVersion "1"]
[SourceVersionDate "2004.09.23"]
[SourceQuality "1"]
[WhiteTeam "Armenia"]
[BlackTeam "Rest of the World"]
[WhiteTeamCountry "ARM"]

1. d4 Nf6 2. c4 e6 3. Nf3 d5 4. e3 c5 5. Nc3 cxd4 6. exd4 Bb4 7. Bd3 dxc4 8.
Bxc4 O-O 9. O-O b6 10. Bg5 Bb7 11. Rc1 (11. Ne5 $5 Be7 12. Re1 Nc6 $6 (12...
Nbd7 $5 13. Qe2 (13. Nxf7 Rxf7 14. Bxe6 Nf8 15. Bxf7+ Kxf7 16. Qb3+ Kg6) 13...
Nxe5 14. dxe5 Nd5 15. Bxd5 Bxd5 16. Bxe7 Qxe7 17. Nxd5 exd5 18. Rad1 Rfd8 19.
Rd4 Rac8 20. Qd2 Qc5 21. Rd1 Rc7 22. h3 Rcd7 23. f4 $14) 13. Ba6 $1 Qc8 $8 14.
Qf3 $1 Na5 (14... Bxa6 15. Nxc6 Bd8 16. Nxd8 Qxd8 17. d5 $1 (17. Ne4 Bb7 18.
Nxf6+ gxf6 19. Qxf6 $14) 17... exd5 (17... h6) (17... Bb7 18. Bxf6) 18. Bxf6 (
18. Rad1) 18... Qxf6 19. Qxf6 gxf6 20. Nxd5 Rad8 $8 21. Nxf6+ Kg7 22. Ne4 Rfe8
23. h4 Bb7 24. Nc3 Rxe1+ 25. Rxe1 $16) 15. Bxb7 Qxb7 16. Qxb7 Nxb7 17. Nc6 Bd6
18. Bxf6 $1 gxf6 19. d5 Rfe8 20. Rad1 exd5 21. Nxd5 Rxe1+ 22. Rxe1 Kg7 23. g4
$1 $16 Rc8 24. Nd4 Rd8 25. Nf5+ Kg6 26. Kg2 h5 27. h3 hxg4 (27... Be5 28. Nde7+
Kh7 29. Nc6) 28. hxg4 Bf8 (28... Bc5 29. Rd1) 29. Nf4+ Kg5 (29... Kh7 30. Rh1+
Kg8 31. Nh5 Kh7 32. Nxf6+ Kg6 33. Nh7 Nc5 34. Nxf8+ Rxf8 35. f4 f6 36. Rh6+ Kf7
37. Rh7+ $18) 30. Kf3 $18 Rd2 31. Rh1 Rxf2+ 32. Kg3 $1 Rxf4 33. Rh5+ Kg6 34.
Kxf4 Nc5 35. Rh8 a5 36. b3 Ne6+ 37. Ke4 Bc5 38. Rg8+ Kh7 39. Rb8 Kg6 40. Ne3
Ng5+ 41. Kd3 Nf3 42. Nd5 Ne5+ 43. Ke2 Nxg4 44. Nxb6 f5 45. Nc4 Nf6 46. Nxa5 Ne4
47. b4 Ba7 48. Rg8+ Kf6 49. Nc4 f4 50. Ra8 Bg1 51. Kf3 Nc3 52. Ra6+ Ke7 53. Ne5
Be3 54. Nd3 Kd7 55. a4 Kc7 56. b5 Kb7 57. Nxf4 Bb6 58. Nd3 f5 59. Ne5 Ne4 60.
Nc4 Bd4 61. Nd6+ {1-0 Cifuentes Parada,R-López Martínez,J/España (ch) 2004 (61)
}) 11... Nc6 $1 (11... Nbd7 12. a3 Bxc3 (12... Be7) 13. Rxc3 Rc8 14. Qe2 h6 15.
Bh4 $14) (11... Bxc3 12. bxc3 Nbd7 13. Bd3 Qc7 14. Re1 Rfe8 15. Bh4 Rac8 16.
Bg3 Qc6 17. c4 Rcd8 18. Bf1 Qc8 19. Bh4 $14) 12. Bd3 (12. d5 $2 Na5 13. Ne4 Be7
$1 $17) (12. a3 Be7 13. Qd3 Rc8 14. Ba2 $1 Rc7 $5 15. Bb1 g6 16. Bh6 Re8 17.
Rfe1 Rd7 18. Rcd1 $13) 12... Be7 (12... h6 13. Bh4 Be7 14. Bb1 Nh5 15. Qd3 g6
16. Bxe7 Nxe7 17. Rfd1 Nd5 18. Nxd5 Qxd5 19. Qe3 Kg7 20. Rc7 Rac8 21. Rdc1 Nf6
22. Qd3 Qh5 23. Ne5 Rxc7 24. Rxc7 Be4 $11 {I.Ibragimov 2485 - S.Makarichev
2535 SSSR (ch), 1991}) 13. Re1 Rc8 14. Bb1 Nd5 15. Qd3 g6 16. h4 (16. Bh6 Re8
17. Ne4 (17. a3 Nxc3 18. Rxc3 Bf6 $11) 17... Nf6 $11) 16... Bxg5 (16... Ncb4
17. Qd2 Nxc3 18. Rxc3 Rxc3 19. bxc3 Bxf3 20. gxf3 Nd5 21. c4 Nf6 22. d5 exd5
23. cxd5 Nxd5 $11) 17. hxg5 $6 (17. Nxg5 $5 Ndb4 $1 (17... Nf4 $2 18. Qf3 $1
Qxd4 19. Re4) (17... Nf6 18. Rcd1) 18. Qf3 $1 (18. Qg3 Nxd4 (18... Qxd4 19.
Rcd1 Qg7 20. Rd7 Nd8 21. Nxe6 Nxe6 22. Rxb7 $16) 19. h5 (19. a3 Nd5 20. h5) (
19. Rcd1 Rxc3 $1) 19... Rc5 $1 20. f4 Nf5 $17) 18... Rc7 (18... Qxd4 19. Qg3
Nd5 20. h5 Nce7 21. hxg6 hxg6 22. Rcd1 Qg7 23. Nb5 $44) 19. a3 Nxd4 20. Qe3
Nbc6 21. h5 $40) 17... Nxc3 18. bxc3 Na5 19. Qe3 Nc4 20. Qf4 Bxf3 $1 21. gxf3
f6 $11 22. Qg4 (22. Rxe6 fxg5 23. Qg3 Rf4 24. Be4 Nd6 $11) 22... fxg5 23. Qxe6+
Kg7 24. Kg2 Qf6 25. Qxf6+ Kxf6 26. Bd3 Rf7 27. Re2 Rd7 28. Kg3 Nd6 29. f4 Rdc7
30. fxg5+ Kxg5 31. c4 Nxc4 32. Rec2 b5 33. a4 a6 34. axb5 axb5 35. d5 Rc5 (
35... Kf6 36. d6) 36. d6 Kf6 37. Bxc4 bxc4 38. d7 Rg5+ 39. Kh4 Rh5+ 40. Kg4 Rd8
41. Rxc4 Rxd7 42. Rc6+ Kg7 43. Rc7 Rxc7 44. Rxc7+ 1/2-1/2

[Event "Reykjavik Olafsson"]
[Site "Reykjavik"]
[Date "1995.??.??"]
[Round "9"]
[White "Gligoric, Svetozar"]
[Black "Olafsson, Fridrik"]
[Result "0-1"]
[WhiteElo "2455"]
[BlackElo "2465"]
[Annotator "Dautov,R"]
[PlyCount "88"]
[EventDate "1995.09.??"]
[EventType "tourn"]
[EventRounds "11"]
[EventCountry "ISL"]
[EventCategory "11"]
[SourceTitle "CBM 049"]
[Source "ChessBase"]
[SourceDate "1995.12.01"]
[SourceVersion "1"]
[SourceVersionDate "1995.12.01"]
[SourceQuality "1"]

1. d4 {Baburin} Nf6 2. c4 e6 3. Nc3 Bb4 4. e3 O-O 5. Bd3 c5 6. Nf3 d5 7. O-O
dxc4 8. Bxc4 b6 9. Qe2 (9. a3 Bxc3 (9... cxd4 10. axb4 dxc3 11. Qxd8 Rxd8 12.
bxc3 Bb7 $10) 10. bxc3 Bb7 11. Bd3) 9... Bb7 10. Rd1 Qc8 $5 (10... Nbd7 $2 11.
d5 $16) (10... cxd4 11. exd4 Nbd7) 11. Bd3 (11. Nb5 cxd4 12. Nbxd4 Nc6 13. a3
Nxd4 14. Nxd4 Be7 $10) (11. a3 $5 Bxc3 (11... cxd4 12. axb4 dxc3 13. bxc3 Nbd7
14. Bb2 Bxf3 15. gxf3 $13) 12. bxc3 Nbd7 13. Bd3 Qc6 $132) 11... Nbd7 12. Bd2
cxd4 13. exd4 (13. Nxd4 Ne5 (13... Bc5 14. Rac1 Bxd4 15. exd4 Qc6 16. f3 $14) (
13... e5 14. Nf5 Qc6 15. Ne4 $1 $14) 14. Ne4 $1 Be7 (14... Nxd3 15. Nxf6+ gxf6
16. Qxd3 $14) 15. Rac1 Qb8 16. Nxf6+ Bxf6 $10) 13... Bxc3 (13... Qc6 14. Rac1
Bxc3 15. bxc3 Rfe8 16. Bb5 Qd6 17. Bg5 a6 18. Ba4 b5 19. Bb3 Bd5 20. Ne5 Rec8
21. Nxd7 Nxd7 $15 {Cuellar Gacharna,M-Olafsson,F/Stockholm izt (21) 1962}) 14.
bxc3 Qc6 15. Re1 Rfe8 16. Rac1 (16. Bb5 Qd6 17. Ne5 Nxe5 18. Qxe5 (18. Bxe8 $2
Neg4 $17) (18. dxe5 Qd5 19. f3 Nd7 $10) 18... Qxe5 19. dxe5 Red8 20. Bg5 Rd5
21. c4 Rc5 $10) 16... a6 {/\e5} (16... e5 $2 17. Bb5 Qd5 18. c4 (18. Bc4 Qc6
19. Bb5 $10) 18... Qd6 19. Nxe5 (19. dxe5 $2 Bxf3 20. Qxf3 Qxd2 $15) 19... Qxd4
20. Bc3 Qh4 21. Rcd1 $36 Nxe5 $2 22. Bxe8 Neg4 23. h3 $18) 17. Bf4 (17. c4 e5
18. d5 Qd6 19. Bf5 b5 20. Rb1 Nb6 21. Bb4 Qb8 $132) 17... Nh5 18. Be3 $6 (18.
Be5 Nxe5 19. Qxe5 Nf6 20. c4 $10) 18... e5 {Baburin: This is another possible
method of dealing with the pawn pair c3-d4, Black tries to knock them down,
since e. g. a single c-pawn won't be dangerous at all.} 19. Bf5 Nhf6 20. Bc2 $6
exd4 21. cxd4 Qd6 22. Bb3 Bd5 23. Bxd5 Nxd5 $15 {Baburin: The isolated d4-pawn
is a passed one now, but it is well blockaded, and Black has a clear advantage
due to this fact, plus his pawn majority on the Queen side.} 24. Qc4 b5 25. Qb3
(25. Qc6 Qxc6 26. Rxc6 N7b6 $15) 25... Rac8 26. Rxc8 Rxc8 27. Bd2 N7b6 28. a3
$2 (28. Ng5 Qg6 (28... Qd7 29. Ne4 Nc4 $15) 29. Qh3 Rf8 $15) 28... Qc6 29. Bb4
f6 30. Bc5 Na4 31. Rc1 Qe6 32. Re1 Qf7 $17 33. Bd6 Rc3 34. Qa2 Rc6 35. Bb4 Re6
36. Rc1 $2 (36. Qc2 Rxe1+ 37. Nxe1 Qe6 38. Nd3 h6 39. h3 Qe4 $17) 36... Nac3
$19 37. Bxc3 Nxc3 38. Rxc3 Re1+ 39. Nxe1 Qxa2 40. Kf1 a5 41. Nc2 b4 42. axb4
axb4 43. Rc8+ Kf7 44. Rc7+ Kg6 0-1

[Event "Lazne Bohdanec"]
[Site "Lazne Bohdanec"]
[Date "1996.??.??"]
[Round "10"]
[White "Babula, Vlastimil"]
[Black "Neverov, Valeriy"]
[Result "1/2-1/2"]
[WhiteElo "2540"]
[BlackElo "2515"]
[Annotator "Dautov,R"]
[PlyCount "95"]
[EventDate "1996.01.??"]
[EventType "tourn"]
[EventRounds "11"]
[EventCountry "CZE"]
[EventCategory "10"]
[SourceTitle "CBM 051"]
[Source "ChessBase"]
[SourceDate "1996.04.01"]
[SourceVersion "1"]
[SourceVersionDate "1996.04.01"]
[SourceQuality "1"]

1. d4 Nf6 2. c4 e6 3. Nc3 Bb4 4. e3 c5 5. Bd3 O-O 6. Nf3 d5 7. O-O cxd4 8. exd4
dxc4 9. Bxc4 b6 10. Bg5 Bb7 11. Qe2 Nbd7 12. Rac1 Bxc3 $1 (12... Rc8 13. Ne5
Bxc3 (13... Be7 14. Ba6 $1 Bxa6 15. Qxa6 $14) (13... h6 14. Nxd7 Qxd7 15. Bxf6
gxf6 16. Rfd1 $16) (13... Qc7 14. Bb5 Qd6 15. Rfd1 Bxc3 16. bxc3 Qd5 17. f4 $14
{ECO}) 14. Rxc3 $14) 13. Rxc3 (13. bxc3 Qc7 14. Bd3 Ng4 15. Be4 $10) 13... Qb8
14. Bb5 $5 {N} (14. Bh4 Ne4 (14... Qf4 $5 15. Bg3 Qe4 $10) 15. Re3 Qf4 16. Re1
Rac8 17. Ba6 Bxa6 18. Qxa6 Nd2 19. Nxd2 Qxh4 20. Nf3 Qd8 $10 {Knaak,R-Inkiov,V/
DDR - Bulgaria 1982}) 14... Qd6 {/\Ne4} 15. Rfc1 Nd5 $1 (15... Ne4 $2 16. Rc7
Nxg5 17. Nxg5 Qd5 (17... Rac8 18. Qc2 Nf6 (18... g6 19. Bxd7 $18) 19. Rxc8 Bxc8
20. Qxc8 h6 21. Qc7 $16) 18. Nf3 Rfd8 19. Bc4 Qe4 20. Qxe4 Bxe4 21. Ng5 Bd5 (
21... Bg6 $2 22. Nxe6 $18) 22. Bb5 f6 23. Bxd7 fxg5 24. a3 $16) 16. R3c2 Rac8
17. Ne5 Rxc2 18. Rxc2 N7f6 {/\Rc8} 19. Bc6 Bxc6 20. Rxc6 (20. Nxc6 h6 21. Bxf6
(21. Bh4 Rc8 22. Nxa7 Rxc2 23. Qxc2 Qb4 $10) 21... Nxf6 22. Qa6 (22. Nxa7 Qxd4
$10) 22... e5 $1 23. Nxe5 (23. Qxa7 exd4 24. Qxb6 $2 d3 25. Rd2 Rc8 $19) 23...
Qxd4 24. Nd3 $10) 20... Qb4 21. Bxf6 (21. a3 $5 Qa4 (21... Qxd4 $4 22. Rc4 $18)
22. h3 h6 23. Bxf6 Nxf6 24. Rc7 Nd5 25. Rb7 Qxd4 26. Rxa7 Nf4 (26... Qf4 27. g3
Qf5 28. Kg2 f6 29. Nc6 $14) 27. Qe3 Qd1+ 28. Kh2 Nd5 29. Qg3 Qd4 $132) 21...
gxf6 $1 $10 22. a3 $2 (22. Rc4 Qd6 23. Nc6 a5 $10) 22... Qxd4 23. Nf3 Qg4 $17
24. h3 Nf4 $1 25. hxg4 Nxe2+ 26. Kh2 Nf4 27. Nd4 (27. Rc7 a5 28. Rb7 Nd5 $17 {
/\Rc8}) 27... Rd8 28. Nb5 Rd2 29. b4 (29. Kg3 Ne2+ 30. Kh2 Rxb2 31. Nxa7 Kg7
32. Nc8 b5 33. Nd6 Nd4 $17) 29... Rxf2 30. Kg3 Rf1 $19 31. Nxa7 e5 $2 (31...
Nd5 32. Nb5 Rb1 $19) 32. Nc8 $2 (32. Rxb6 $142 $15) 32... Ra1 33. Kf3 Rxa3+ 34.
Ke4 Kg7 35. Nd6 $1 Nxg2 36. Nf5+ Kg6 37. Rc8 $132 h5 38. Rg8+ Kh7 39. Rg7+ Kh8
40. gxh5 Nh4 $2 (40... Nf4 41. Rxf7 (41. h6 Ne6 42. Rxf7 $4 Ng5+ $19) 41...
Nxh5 42. Rb7 Rb3 43. Rxb6 Kh7 $17) 41. Rxf7 $10 Nxf5 42. Kxf5 Rf3+ 43. Kg6 Rg3+
44. Kh6 Kg8 45. Rxf6 e4 46. Rxb6 Kf7 47. Rg6 Rb3 48. Kg5 1/2-1/2

[Event "EU-chT (Men) 12th"]
[Site "Batumi"]
[Date "1999.12.01"]
[Round "3.2"]
[White "Krakops, Maris"]
[Black "Dautov, Rustem"]
[Result "0-1"]
[WhiteElo "2530"]
[BlackElo "2597"]
[Annotator "Dautov,R"]
[PlyCount "119"]
[EventDate "1999.11.06"]
[EventType "team-swiss"]
[EventRounds "9"]
[EventCountry "GEO"]
[SourceTitle "CBM 074"]
[Source "ChessBase"]
[SourceDate "2000.02.01"]
[SourceVersion "1"]
[SourceVersionDate "2000.02.01"]
[SourceQuality "1"]
[WhiteTeam "Latvia"]
[BlackTeam "Germany"]
[WhiteTeamCountry "LAT"]
[BlackTeamCountry "GER"]

1. e4 c6 2. d4 d5 3. exd5 cxd5 4. c4 Nf6 5. Nc3 e6 6. Nf3 Bb4 7. Bd3 dxc4 8.
Bxc4 O-O 9. O-O a6 10. Ne5 b5 11. Be2 $5 {Eine originelle Idee von Z.Lanka.
Weiß erschwert die Entwicklung des Gegners durch das Druckspiel auf der
Diagonale a8-h1.} Bb7 12. Bg5 Be7 13. Bf3 Ra7 $1 {Die beste Verteidigung.} (
13... Bxf3 14. Qxf3 Nbd7 $2 (14... Ra7) 15. Nc6 Qe8 16. d5 b4 17. dxe6 fxe6 18.
Ne4 $16) 14. Bxb7 $146 {Ein neuer Versuch.} (14. a3 {sichert zwar die Position
des Nc3, gibt aber Schwarz die Zeit für Konsolidierung:} Nd5 $1 15. Bxe7 Nxe7
16. Bxb7 Rxb7 17. Qf3 Rc7 18. Rad1 Nbc6 19. Rfe1 Nxe5 20. dxe5 Rd7 $11 {
Lanka,Z-Schlosser,P/Deutscland 1998}) 14... Rxb7 15. Qf3 Rc7 16. Rfd1 b4 $1 {
So übernimmt Schwarz die Kontrolle über das Schlüsselfeld d5.} 17. Na4 (17.
Bxf6 $2 gxf6 $17) 17... Qd5 $15 18. Qf4 Nh5 ({In Frage kam} 18... Qa5 $5 {
(Ch. Gabriel)} 19. Nc5 (19. Bxf6 Bxf6 20. Nc5 Bxe5 21. Qxe5 Nc6 $15) 19... Nd5
20. Qg4 (20. Qg3 $2 Bxc5 21. dxc5 f6 $17) 20... Bxc5 (20... Bxg5 $2 21. Qxg5 f6
22. Qg4) 21. dxc5 Qxc5 22. Rac1 Qa7 $1 (22... Qb6 $6 23. Bh6 f5 24. Qg3 $44)
23. Bh6 f5 24. Qg3 Rxc1 25. Rxc1 Kh8 26. Bd2 $44 {Für den verlorenen Bauern
bekam Weiß etwas Kompensation.} Qd4 $2 27. Nf7+ Kg8 28. Nh6+ $11) 19. Qg4 Nf6
20. Qf4 Nh5 21. Qh4 Bxg5 22. Qxg5 Nf6 23. Nc5 a5 (23... Ne4 24. Nxe4 Qxe4 25.
Qd2 Rc2 (25... a5 26. Rac1 $11) 26. Qxb4 Qe2 27. Qe1 $11) 24. Qf4 Rfc8 25. a3
$1 {Eine richtige Entscheidung, Weiß öffnet die b-Linie und erhält dadurch
Gegenspiel auf dem Damenflügel, was zum Ausgleich genügen sollte.} bxa3 26.
bxa3 (26. Rxa3 $4 Rxc5 $19) 26... Nc6 27. Nxc6 Rxc6 (27... Qxc6 28. Rac1 $132)
28. Qd2 $1 {><a5} e5 {Schwarz hat nichts besseres als die Öffnung des Zentrums.
} (28... Ra8 29. Rab1 $11) 29. dxe5 Qxe5 30. Nd7 $2 {Weiß übersieht einen
kleinen Trick und landet in einem schlechteren Turmendspiel. Wesentlich
leichter hätte 30.Nd3 remisiert.} (30. Nd3 $1 Qf5 (30... Qc3 31. Qxc3 Rxc3 32.
Rac1 $11) 31. Rac1 Ne4 32. Qe3 $11) 30... Nxd7 31. Qxd7 Qxa1 $1 32. Qxc8+ (32.
Rxa1 Rc1+ 33. Qd1 Rxd1+ 34. Rxd1 g6 $15 {/\Rc3}) 32... Rxc8 33. Rxa1 a4 $2 $138
{Bei knapper Zeit habe ich vollkommen übersehen, daß Weiß seinen Turm
aktivieren kann.} (33... g6 $1 34. Kf1 Rc3 35. a4 Rc4 $15) 34. Kf1 g6 35. Re1
Rc3 36. Re3 $11 Rb3 (36... Rxe3 37. fxe3 Kg7 38. Ke2 Kf6 39. Kd3 Ke5 40. Kc4
Ke4 41. Kb4 Kxe3 42. Kxa4 f5 43. Kb4 f4 44. a4 g5 $11) 37. Ke2 Rb2+ 38. Kf3 $2
$138 (38. Ke1 $1 {(R.Hübner) führte zum sofortigen Remis.} Ra2 (38... Rb3 39.
Ke2) 39. h4 $11) 38... h5 39. h4 $6 (39. g3 Kg7 40. Kg2 Rb3 41. Kf3 $11) 39...
Kg7 40. g3 Kf6 41. Kg2 $2 {Der erste Zug nach der Zeitkontrolle erweist sich
als der entscheidende Fehler. Weiß mußte die Notbremse ziehen:} (41. Rd3 Ke5 (
41... Rb3 42. Ke3) 42. Ke3 f6 43. Rc3 $11) 41... Rb3 42. Re8 ({Das
Bauernendspiel ist bereits verloren, so muß Weiß unter sehr ungünstigen
Umständen den a-Bauern abgeben.} 42. Kf3 Kf5 43. Ke2 Rxe3+ 44. Kxe3 Kg4 45. Ke4
f6 46. Ke3 f5 47. Ke2 f4 48. gxf4 Kxf4 $19) 42... Rxa3 43. Ra8 Ke5 44. Ra7 Kd5
$1 $19 {Der f-Bauer sollte am besten auf f7 abgegeben werden, damit Weiß für
die Eroberung des Pg6 ein weiteres Tempo verschenken muß.} (44... f6 $2 45. Ra6
) 45. f3 (45. Rxf7 Rc3 46. Rg7 Rc6 $1 47. Ra7 Rc4 48. Ra6 Kc5 49. Rxg6 a3 50.
Ra6 Kb4 51. f3 Kb3 52. Kh3 Ra4 53. Rb6+ Kc2 54. Rc6+ Kd2 55. Rd6+ Ke2 56. Re6+
Kf2 $19) 45... f5 $1 (45... Ra2+ $2 46. Kh3 Ra1 47. Rxf7 a3 48. Ra7 $11) 46.
Ra6 Ra2+ 47. Kh3 a3 48. g4 (48. Rxg6 Rf2 49. f4 a2 50. Ra6 Kc4 $19) 48... f4 $1
{Der weiße König wird eingesperrt.} (48... hxg4+ $2 49. fxg4 f4 50. h5 gxh5 51.
gxh5 Ra1 52. h6 $11) (48... Ra1 $2 49. gxh5 gxh5 50. Kg3 {/\Kf4}) 49. gxh5 (49.
Rxg6 Ra1 50. Ra6 a2 51. Kg2 hxg4 52. fxg4 f3+ 53. Kf2 Rh1 54. Ra5+ Kc6 55. Ra6+
Kb7 56. Rxa2 Rh2+ 57. Kxf3 Rxa2 58. h5 Kc6 59. Kf4 Kd6 $19) 49... gxh5 50. Ra5+
Kc4 51. Rxh5 (51. Rc5+ Kd3 52. Rxh5 Ke3 53. Rb5 Kxf3 54. Rb3+ Ke4 55. Rb4+ Kf5
56. Rb5+ Ke6 57. Rb6+ Kd7 58. Rb7+ Kc6 59. Ra7 Ra1 60. Kg2 a2 61. h5 f3+ $19)
51... Ra1 52. Ra5 a2 53. Kg4 (53. Kg2 Kb3 54. Rb5+ Ka4 $19) 53... Rg1+ 54. Kxf4
a1=Q 55. Rxa1 Rxa1 56. h5 Kd5 57. Kf5 Rh1 58. Kg6 Ke6 59. f4 Rg1+ 60. Kh7 0-1